The moving American / (Record no. 5797)
[ view plain ]
| 000 -LEADER | |
|---|---|
| fixed length control field | 00838pam a2200289 4500 |
| 001 - CONTROL NUMBER | |
| JCCL Control Number | 5797 |
| 003 - CONTROL NUMBER IDENTIFIER | |
| JCCL marc code | BD-JhCC |
| 005 - DATE AND TIME OF LATEST TRANSACTION | |
| control field | 20171227161717.0 |
| 008 - FIXED-LENGTH DATA ELEMENTS--GENERAL INFORMATION | |
| fixed length control field | 720728t19731972nyua b 001 0 eng |
| 020 ## - INTERNATIONAL STANDARD BOOK NUMBER | |
| International Standard Book Number | 0394479343 |
| 035 ## - SYSTEM CONTROL NUMBER | |
| system control number | (BD-JhCC)5797 |
| 040 ## - CATALOGING SOURCE | |
| Original cataloging agency | DLC |
| Transcribing agency | DLC |
| Modifying agency | DLC |
| 041 ## - LANGUAGE CODE | |
| Language code of Book | eng |
| 050 00 - LIBRARY OF CONGRESS CALL NUMBER | |
| Classification number | E169.1 |
| Item number | .P555 |
| 082 00 - DEWEY DECIMAL CLASSIFICATION NUMBER | |
| Classification number | 301.32/6/0973 |
| Author mark and Year | PIE 1973 |
| 100 1# - MAIN ENTRY--PERSONAL NAME | |
| Personal name | Pierson, George Wilson, |
| Dates associated with a name | 1904- |
| 245 14 - TITLE STATEMENT | |
| Title | The moving American / |
| Statement of responsibility, etc | [by] George W. Pierson. |
| 250 ## - EDITION STATEMENT | |
| Edition statement | [1st ed.] |
| 260 ## - PUBLICATION, DISTRIBUTION, ETC. (IMPRINT) | |
| Place of publication, distribution, etc | New York, |
| Name of publisher, distributor, etc | Knopf; [distributed by Random House] |
| Date of publication, distribution, etc | 1973 [c1972] |
| 300 ## - PHYSICAL DESCRIPTION | |
| Pagination | xii, 290, xiii p. |
| Other physical details | illus. |
| Dimensions | 22 cm. |
| 350 ## - PRICE (NR) (BK AM CF MU VM SE) [OBSOLETE] | |
| Price | $7.95 |
| 504 ## - BIBLIOGRAPHY, ETC. NOTE | |
| Bibliography, etc | Includes bibliographical references. |
| 650 #0 - SUBJECT ADDED ENTRY--TOPICAL TERM | |
| Topical term or geographic name as entry element | National characteristics, American. |
| 650 #0 - SUBJECT ADDED ENTRY--TOPICAL TERM | |
| Topical term or geographic name as entry element | Migration, Internal |
| Geographic subdivision | United States. |
| 942 ## - ADDED ENTRY ELEMENTS (KOHA) | |
| Source of classification or shelving scheme | Dewey Decimal Classification |
| Koha item type | Books |
| Source of classification or shelving scheme | Damaged status | Not for loan | Home library | Current library | Shelving location | Date of accession | Total Checkouts | Full call number | Barcode | Date last seen | Copy number | Koha item type |
|---|---|---|---|---|---|---|---|---|---|---|---|---|
| Dewey Decimal Classification | JCC Rouf Library | JCC Rouf Library | General Stacks | 12/21/2017 | 301.32/6/0973 PIE 1973 | 7926 | 12/21/2017 | C - 1 | Books |